FREEDOM AND CULTURE (Record no. 100988)

MARC details
000 -LEADER
fixed length control field 00366nam a2200157Ia 4500
008 - FIXED-LENGTH DATA ELEMENTS--GENERAL INFORMATION
fixed length control field 090124s9999 xx 000 0 und d
082 ## - DEWEY DECIMAL CLASSIFICATION NUMBER
Item number 35036
245 ## - TITLE STATEMENT
Title FREEDOM AND CULTURE
250 ## - EDITION STATEMENT
Edition statement 1
260 ## - PUBLICATION, DISTRIBUTION, ETC. (IMPRINT)
Name of publisher, distributor, etc "WINGATE, LONDON"
300 ## - PHYSICAL DESCRIPTION
Extent 270
630 ## - SUBJECT ADDED ENTRY--UNIFORM TITLE
Uniform title FREEDOM AND CULTURE
700 ## - ADDED ENTRY--PERSONAL NAME
Personal name HUXLEY JULIAN
730 ## - ADDED ENTRY--UNIFORM TITLE
Uniform title FREEDOM AND CULTURE
942 ## - ADDED ENTRY ELEMENTS (KOHA)
Koha item type Book
Holdings
Withdrawn status Lost status Damaged status Not for loan Home library Current library Date acquired Cost, normal purchase price Total Checkouts Full call number Barcode Date last seen Cost, replacement price Price effective from Koha item type
        Nagar Wachan Mandir, Thane Nagar Wachan Mandir, Thane   0.00   35036 THNNWM-35036 01/24/2009 0.00 01/24/2009 Book